00342nam a2200133Ia 4500008004100000100004600041245003000087250001200117260002500129300000800154650002400162942000700186999001500193190216s9999||||xx |||||||||||||| ||und|| aSatish K Agarwala And Ramesh C Agarwala 0aAdvanced Organic Analysis a1st Ed. bPragathi Prakashan a508 aChemistry-Chemistry cBK c2686d2686